| 000 | 00531nam a2200229Ia 4500 | ||
|---|---|---|---|
| 008 | 170203s9999 xx 000 0 und d | ||
| 020 | _a9781848981409 | ||
| 050 | _a797.5 | ||
| 050 | _b.G151s 2008 | ||
| 100 | _aGale, Lesley. | ||
| 245 | _aSky Diving / | ||
| 245 | _cLesley Gale. | ||
| 250 | _arevised edition. | ||
| 260 | _aChina : | ||
| 260 | _bTick Tock Media Ltd. | ||
| 260 | _c2008 | ||
| 300 | _a64 pges ; | ||
| 300 | _bcol. ill. ; | ||
| 300 | _c25 cm. | ||
| 500 | _aincludes index. | ||
| 650 | _aSky diving. | ||
| 999 |
_c305493 _d305493 |
||